|
|
|
|
| LEADER |
00000cam a2200000 a 4500 |
| 001 |
A3962 |
| 003 |
Ucuenca |
| 005 |
20230928123151.0 |
| 006 |
a||||gr|||| 001 0 |
| 007 |
ta |
| 008 |
013111t20031996mx aaaagr|||||||1|||spa|a |
| 020 |
|
|
|a 96816676905
|
| 040 |
|
|
|b spa
|
| 041 |
1 |
|
|a spa
|
| 082 |
0 |
|
|2 22
|a 701.17
|c 253386
|
| 100 |
1 |
|
|a Sánchez Vázquez, Adolfo.
|d 1915-2011
|9 24574
|
| 245 |
0 |
0 |
|a Cuestiones estéticas y artísticas contemporáneas /
|c Adolfo Sánchez Vazquez.
|
| 250 |
|
|
|a Segunda edición
|
| 264 |
|
1 |
|a Mexico:
|b Fondo de Cultura Económica,
|c 2003.
|
| 264 |
|
4 |
|c ©1996
|
| 300 |
|
|
|a 292 páginas:
|b ilu
|c 20 cm
|
| 490 |
|
|
|a Filosofía
|
| 504 |
|
|
|a incl. ref.
|
| 505 |
0 |
|
|a Cuestiones estéticas.-- La estética semántica de Galvano della Volpe.-- La poética de Lotman, opacidades y transparencias.-- La estética libertaria y comprometida de Sartre.-- La estética terrenal de José Revueltas.-- Literatura, ideología y realismo.-- Cuestiones Artísticas.-- Ideología política y literatura.-- Claves de la ideología estética de Diego Rivera.-- Modernidad, vanguardia y posmodernismo
|
| 520 |
3 |
|
|a Este libro recopila deversos textos ensayos, conferencias, prólogos, ponencias antes dispersos en distintas publicaciones, así como algunos artículos inéditos, material escrito en su totalidad entre 1966 y 1993.
|
| 650 |
1 |
7 |
|2 UCuenca-cdrjbv
|9 1435
|a Arte
|
| 650 |
1 |
7 |
|2 UCuenca-cdrjbv
|9 4708
|a Estética
|
| 650 |
1 |
7 |
|2 UCuenca-cdrjbv
|9 131
|a Literatura
|
| 852 |
|
|
|a UC-YANUNCAY
|f Compra
|k asancho
|l 1
|m General
|p 20131119
|q 24.00
|r 2
|t A3962
|w Artes Visuales
|y 467186
|b 0
|d CDRY
|e CDRY
|g 701.17 SALA 2 ARTES
|z 2013-31-11
|
| 856 |
|
|
|a http://sibuc.ucuenca.edu.ec/portada/a3962.jpg
|
| 942 |
|
|
|c CR
|0 1
|2 ddc
|r ximena.carrasco@ucuenca.edu.ec
|
| 999 |
|
|
|c 67866
|d 67866
|